Los enanos /

Gardado en:
Detalles Bibliográficos
Autor Principal: Pinter, Harold (autor)
Outros autores: Lyons, John (tr.) (tr.)
Formato: Libro
Idioma:Lingua castelá
Publicado: Barcelona, España : Destino, 2005, c2005
Series:(Gran Teatro)
Temas:
Etiquetas: Engadir etiqueta
Sen Etiquetas, Sexa o primeiro en etiquetar este rexistro!

MARC

LEADER 00000nam^a2200000^a^4500
001 000297390
005 20250521000000.0
009 20260310112336.909
020 |a 84-233-3781-2 
037 |a Acervo ITESO - Biblioteca 
041 |a ESP 
082 |a 823.  |b PIN 
100 |a Pinter, Harold  |e (autor) 
240 1 5 |a [Los enanos, de Harold Pinter] 
245 1 4 |a Los enanos /  |c H. Pinter ; tr. por J. Lyons. 
264 4 |a Barcelona, España :  |b Destino,  |c 2005, c2005 
300 |a 220 p. 
336 |a texto  |b txt  |2 rdacontenido 
337 |a sin mediación  |b n  |2 rdamedio 
338 |a volumen  |b nc  |2 rdasoporte 
440 1 |a (Gran Teatro) 
500 |a Traducción de: The Dwarfs 
586 |a Premio Nobel de Literatura 2005 
649 |a XX 
650 |a Novela Inglesa 
650 |a Literatura Inglesa -  |y Siglo XX 
700 |a Lyons, John  |e (tr.) 
910 |a Fondo General 
920 |a Impresos - Libros 
930 |a Colección General 
940 |a Literatura 
905 |a 101 
901 |a 0500182910  |b IT1  |c LIT  |i C121294  |u 20250521 
902 |a https://opac.biblio.iteso.mx/vufind/Record/000297390